Statistics for Catholic Religious Orders

Click here to take the quiz!

General Stats

  • This quiz has been taken 142 times
  • The average score is 10 of 30

Answer Stats

AbbreviationNickname% Correct
S.J.Jesuits
92%
T.O.R.Brothers of Penance
86%
O.F.M. Cap.Capuchin Franciscans
86%
O.F.M. Conv.Conventual Franciscans
86%
O.F.M.Franciscans
86%
O.P.Dominicans
76%
O.S.B.Benedictines
70%
O. Carm.Carmelites
69%
O.C.D.Discalced Carmelites
69%
O. Cist.Cistercians
50%
O.S.A.Augustinians
44%
O.A.R.Augustinians Recollects
44%
O.A.D.Discalced Augustinians
44%
Cart.Carthusians
36%
O.C.S.O.Trappist
34%
O. Praem.Norbertines
23%
O.C.S.Holy Cross
9%
O.SS.T.Trinitarians
8%
O.S.B.M.Basilians
7%
O. de M.Mercedarians
6%
B.Barnabites
4%
Sch. P.Piarists
4%
C.R.S.A.Canon Regulars
3%
O.M.Minims
3%
O.S.M.Servites
3%
M.I.Camilians
1%
O.S.P.P.E.Pauline Fathers
1%
C.R.Theatines
1%
O.L.M.Baladites
0%
O.S.H.Hieronymites
0%

Score Distribution

Percentile by Number Answered

Percent of People with Each Score

Your Score History

You have not taken this quiz